00431cam a2200169ua 450000100060000000800390000602000180004504000090006304100080007208200110008010000330009124500500012425000140017426000480018830000100023665300150024611741191031n ii |||gr||||Z||||||eng a9780195689099 cMAIN aeng a338.88 aRakseh Mohan Joshi,eAuthor. aInternational businesscBy Rakesh Mohan Joshi a14th imp. aNew Delhi:bOxford university press,c2016. a912p. aProduction